[Event "Athens Stamatopoulos Memorial 2nd"]
[Site "Athens"]
[Date "2019.12.11"]
[Round "6"]
[White "Ignatiadis, Konstantinos"]
[Black "Delithanasis, Dimitrios"]
[Result "1-0"]
[WhiteElo "1941"]
[BlackElo "1938"]
[PlyCount "81"]
[EventDate "2019.11.06"]
[EventType "swiss"]
[EventRounds "7"]
[EventCountry "GRE"]
[SourceTitle "EXT 2024"]
[Source "ChessBase"]
[SourceDate "2023.10.10"]
[SourceVersion "1"]
[SourceVersionDate "2023.10.10"]
[SourceQuality "1"]

1. d4 d5 2. Nf3 b5 3. Bf4 a6 4. e3 Nf6 5. h3 g6 6. Nbd2 Bg7 7. c3 c6 8. Be2 Nbd7 9. a4 Bb7 10. 0-0 0-0 11. Ne5 Nxe5 12. Bxe5 Nd7 13. Bxg7 Kxg7 14. f4 e6 15. Nf3 Nb6 16. b3 bxa4 17. bxa4 a5 18. Qb3 Ba6 19. Bxa6 Rxa6 20. Nd2 Qc7 21. Rfb1 Rb8 22. Qa3 Nd7 23. Qe7 Rbb6 24. Rxb6 Rxb6 25. Nf3 Qb7 26. Ng5 Nf8 27. Qc5 f6 28. Nf3 Rb1+ 29. Rxb1 Qxb1+ 30. Kh2 Qc1 31. Qe7+ Kg8 32. Qxf6 Qb1 33. Ne5 Qb7 34. Ng4 Qg7 35. Qd8 Qa7 36. e4 dxe4 37. Nf6+ Kg7 38. Nxe4 Qf7 39. Ng3 h6 40. Qxa5 Nd7 41. Qd8 1-0

[Event "Ambelokipi op 173rd"]
[Site "Athens"]
[Date "2019.05.22"]
[Round "3"]
[White "Minas, Panagiotis"]
[Black "Ignatiadis, Konstantinos"]
[Result "0-1"]
[WhiteElo "1718"]
[BlackElo "1955"]
[PlyCount "58"]
[EventDate "2019.05.08"]
[EventType "swiss"]
[EventRounds "7"]
[EventCountry "GRE"]
[SourceTitle "EXT 2020"]
[Source "ChessBase"]
[SourceDate "2019.10.17"]
[SourceVersion "1"]
[SourceVersionDate "2019.10.17"]
[SourceQuality "1"]

1. e4 d5 2. exd5 Nf6 3. Bb5+ Bd7 4. Bc4 b5 5. Bb3 Bg4 6. Nf3 Nxd5 7. d4 e6 8. 0-0 c6 9. Nc3 Nxc3 10. bxc3 Qf6 11. Re1 Bxf3 12. gxf3 Nd7 13. d5 0-0-0 14. dxc6 Ne5 15. Qe2 Nxf3+ 16. Kf1 Qf5 17. Qe4 Qh3+ 18. Ke2 Nxe1 19. Kxe1 Qxc3+ 20. Ke2 Qxa1 21. Bxe6+ fxe6 22. Qxe6+ Kc7 23. Bf4+ Bd6 24. Qe7+ Kxc6 25. Qe4+ Kc7 26. Qe7+ Kb6 27. Be3+ Kc6 28. Qxa7 Qe5 29. f4 Qxe3+ 0-1

[Event "Athens Siaperas Memorial 15th"]
[Site "Athens"]
[Date "2018.02.09"]
[Round "5"]
[White "Ignatiadis, Konstantinos"]
[Black "Poulos, Georgios"]
[Result "0-1"]
[WhiteElo "2053"]
[BlackElo "1903"]
[PlyCount "85"]
[EventDate "2019.01.12"]
[EventType "swiss"]
[EventRounds "7"]
[EventCountry "GRE"]
[SourceTitle "EXT 2020"]
[Source "ChessBase"]
[SourceDate "2019.10.17"]
[SourceVersion "1"]
[SourceVersionDate "2019.10.17"]
[SourceQuality "1"]

1. d4 Nf6 2. c4 g6 3. Nc3 d5 4. cxd5 Nxd5 5. e4 Nxc3 6. bxc3 Bg7 7. Be3 c5 8. Qd2 Qa5 9. Rc1 0-0 10. Nf3 Bg4 11. Be2 Nc6 12. d5 Bxf3 13. gxf3 Rad8 14. 0-0 e6 15. Rfd1 exd5 16. exd5 Rd7 17. Qc2 Ne7 18. Qb3 Be5 19. f4 Bd6 20. Bg4 f5 21. Be2 a6 22. a4 Qd8 23. Rb1 g5 24. Qb6 Rc7 25. Bf3 Rf6 26. fxg5 Bxh2+ 27. Kxh2 Rxb6 28. Rxb6 Nc8 29. Rf6 Rf7 30. Rxf7 Qd6+ 31. Kg2 Kxf7 32. Rh1 f4 33. Bc1 Kg8 34. Rh4 Qe7 35. Rxf4 Nd6 36. Rf6 Ne8 37. Re6 Qd7 38. c4 Ng7 39. Re4 Qxa4 40. Bb2 Qd7 41. Bf6 Qd6 42. Re7 Nf5 43. Re8+ 0-1

[Event "Ambelokipi op 167th"]
[Site "Athens"]
[Date "2018.01.24"]
[Round "3"]
[White "Ignatiadis, Konstantinos"]
[Black "Delithanasis, Dimitrios"]
[Result "1/2-1/2"]
[WhiteElo "2050"]
[BlackElo "1985"]
[PlyCount "67"]
[EventDate "2018.01.10"]
[EventType "swiss"]
[EventRounds "7"]
[EventCountry "GRE"]
[SourceTitle "EXT 2019"]
[Source "ChessBase"]
[SourceDate "2018.10.10"]
[SourceVersion "1"]
[SourceVersionDate "2018.10.10"]
[SourceQuality "1"]

1. d4 d5 2. c4 e6 3. Nc3 Bb4 4. Nf3 Nf6 5. cxd5 exd5 6. Qa4+ Nc6 7. Bg5 h6 8. Bxf6 Qxf6 9. e3 0-0 10. a3 Bxc3+ 11. bxc3 Be6 12. Bd3 a6 13. Qd1 b5 14. 0-0 Bg4 15. a4 b4 16. cxb4 Bxf3 17. Qxf3 Qxf3 18. gxf3 Nxb4 19. Be2 a5 20. Rfc1 c6 21. Rc5 Rfe8 22. f4 f5 23. h4 g6 24. Ra3 Kg7 25. Rac3 Re6 26. Bd3 Kf6 27. Bb1 h5 28. Kg2 Ke7 29. Bd3 Kd6 30. Be2 Ra7 31. Rc1 Re8 32. Kf3 Re6 33. Rg1 Ra8 34. Rgc1 1/2-1/2

[Event "Nikaia op 24th"]
[Site "Nikaia"]
[Date "2016.08.30"]
[Round "6"]
[White "Megalios, Konstantinos"]
[Black "Ignatiadis, Konstantinos"]
[Result "1-0"]
[WhiteElo "2293"]
[BlackElo "2095"]
[PlyCount "73"]
[EventDate "2016.08.25"]
[EventType "swiss"]
[EventRounds "9"]
[EventCountry "GRE"]
[SourceTitle "CBM 174 Extra"]
[Source "ChessBase"]
[SourceDate "2016.10.10"]
[SourceVersion "1"]
[SourceVersionDate "2016.10.10"]
[SourceQuality "1"]

1. d4 d5 2. c4 Nc6 3. cxd5 Qxd5 4. Nf3 e5 5. Nc3 Bb4 6. Nxe5 Bxc3+ 7. bxc3 Nxe5 8. dxe5 Qxe5 9. Qd4 Qxd4 10. cxd4 Ne7 11. f3 0-0 12. e4 c6 13. Bc4 Be6 14. Bxe6 fxe6 15. Rb1 b6 16. Kf2 Rfd8 17. Rd1 Rd7 18. Be3 Rad8 19. Rdc1 h6 20. g4 Kf7 21. h4 Rc8 22. h5 Rdc7 23. Rc4 Ng8 24. Rbc1 Nf6 25. a4 c5 26. a5 Nd7 27. R4c2 c4 28. axb6 axb6 29. Rb1 c3 30. Ke2 Rc6 31. Rb3 g6 32. hxg6+ Kxg6 33. f4 Nf6 34. Kf3 h5 35. f5+ exf5 36. gxf5+ Kf7 37. Bg5 1-0

[Event "Peristeri op A"]
[Site "Peristeri"]
[Date "2014.05.17"]
[Round "4"]
[White "Ignatiadis, Konstantinos"]
[Black "Kostas, Panagiotis"]
[Result "1/2-1/2"]
[WhiteElo "2135"]
[BlackElo "2084"]
[PlyCount "84"]
[EventDate "2014.04.23"]
[EventType "swiss"]
[EventRounds "7"]
[EventCountry "GRE"]
[SourceTitle "EXT 2024"]
[Source "ChessBase"]
[SourceDate "2023.10.10"]
[SourceVersion "1"]
[SourceVersionDate "2023.10.10"]
[SourceQuality "1"]

1. e4 b6 2. d4 Bb7 3. Bd3 g6 4. Nc3 Bg7 5. Be3 f5 6. Nf3 fxe4 7. Nxe4 Nc6 8. c3 Nf6 9. Nxf6+ Bxf6 10. h4 e5 11. dxe5 Nxe5 12. Nxe5 Bxe5 13. Qg4 Qe7 14. h5 0-0-0 15. hxg6 hxg6 16. 0-0-0 Qf7 17. Kb1 Rxh1 18. Rxh1 Qd5 19. Qxg6 Rg8 20. Qf5 Qxg2 21. Re1 Bd6 22. c4 Rf8 23. Bh6 Rg8 24. c5 Bxc5 25. Bf8 Be4 26. Bxe4 Qxf2 27. Rd1 Qxf5 28. Bxf5 Rxf8 29. Bxd7+ Kb7 30. a3 Rf2 31. b4 Bd6 32. Rd3 a6 33. Bg4 b5 34. Bd7 Kb6 35. Re3 Rg2 36. Bf5 a5 37. bxa5+ Kxa5 38. Bd7 Ka4 39. Bc6 Rg3 40. Bf3 Ka5 41. Ka2 Kb6 42. Rd3 Be5 1/2-1/2

[Event "Petroupoli ASOP Dias op"]
[Site "Petroupoli"]
[Date "2014.03.12"]
[Round "3.5"]
[White "Grigoriadis, Mihail"]
[Black "Ignatiadis, Konstantinos"]
[Result "0-1"]
[WhiteElo "1924"]
[BlackElo "2126"]
[PlyCount "126"]
[EventDate "2014.02.26"]
[EventType "swiss"]
[EventRounds "7"]
[EventCountry "GRE"]
[SourceTitle "EXT 2024"]
[Source "ChessBase"]
[SourceDate "2023.10.10"]
[SourceVersion "1"]
[SourceVersionDate "2023.10.10"]
[SourceQuality "1"]

1. e4 Nc6 2. Nc3 Nf6 3. d4 d5 4. e5 Nd7 5. g4 Nb6 6. Bg2 h5 7. gxh5 Bf5 8. a3 Qd7 9. h3 0-0-0 10. Nce2 f6 11. f4 Be4 12. Nf3 e6 13. c3 Rxh5 14. Ng3 Rh8 15. Qe2 f5 16. a4 Kb8 17. b3 Be7 18. a5 Nc8 19. Nf1 a6 20. Be3 N8a7 21. Qb2 Rdg8 22. N1d2 Nd8 23. h4 Nf7 24. Nxe4 dxe4 25. Ng5 Nxg5 26. hxg5 Rxh1+ 27. Bxh1 Rh8 28. Bg2 Qc6 29. Kf1 Qe8 30. b4 Rh2 31. Bg1 Rh4 32. Qd2 Qb5+ 33. Kf2 Qd7 34. Kf1 Nc8 35. Bf2 Rh8 36. c4 Rd8 37. Qb2 Na7 38. Rb1 Qa4 39. Be1 Qd7 40. Bc3 c6 41. Rd1 g6 42. Be1 Nc8 43. Bf2 Na7 44. Qb3 Nc8 45. Kg1 Na7 46. Rb1 Rh8 47. Qe3 Nc8 48. Qg3 Na7 49. Qb3 Bd8 50. Rd1 Bc7 51. d5 cxd5 52. cxd5 exd5 53. Rxd5 Qh7 54. Bxa7+ Kxa7 55. Qe3+ Kb8 56. Rc5 Qh2+ 57. Kf1 Rh4 58. Rxc7 Qxf4+ 59. Ke2 Qxe3+ 60. Kxe3 Kxc7 61. Kd4 Rh2 62. Bf1 Rd2+ 63. Kc5 e3 0-1

[Event "Athens Kaisariani op 1st"]
[Site "Athens"]
[Date "2013.12.26"]
[Round "5"]
[White "Gogolis, Alexandros"]
[Black "Ignatiadis, Konstantinos"]
[Result "1-0"]
[WhiteElo "2259"]
[BlackElo "2099"]
[PlyCount "63"]
[EventDate "2013.12.21"]
[EventType "swiss"]
[EventRounds "9"]
[EventCountry "GRE"]
[SourceTitle "EXT 2015"]
[Source "ChessBase"]
[SourceDate "2014.11.20"]
[SourceVersion "1"]
[SourceVersionDate "2014.11.20"]
[SourceQuality "1"]

1. d4 d5 2. Bf4 Nf6 3. e3 c5 4. c3 Nc6 5. Nd2 e6 6. Ngf3 Bd6 7. Bg3 Bxg3 8. hxg3 Qd6 9. Bb5 Bd7 10. Bxc6 Bxc6 11. Ne5 Nd7 12. Ndf3 cxd4 13. exd4 h6 14. Nxd7 Bxd7 15. Ne5 Qe7 16. Qg4 Qf6 17. Kf1 Bb5+ 18. Kg1 0-0-0 19. a4 Be8 20. a5 a6 21. Re1 Kb8 22. Re3 g5 23. f4 gxf4 24. Qxf4 Qxf4 25. gxf4 f6 26. Ng4 f5 27. Ne5 h5 28. Rg3 Rh7 29. Rg8 Kc7 30. Kf2 Bb5 31. Rg6 Kd6 32. Rh3 1-0

[Event "Athens Kaisariani op 1st"]
[Site "Athens"]
[Date "2013.12.21"]
[Round "1"]
[White "Kourouklis, Efthymios Nektarios"]
[Black "Ignatiadis, Konstantinos"]
[Result "0-1"]
[WhiteElo "1479"]
[BlackElo "2099"]
[PlyCount "110"]
[EventDate "2013.12.21"]
[EventType "swiss"]
[EventRounds "9"]
[EventCountry "GRE"]
[SourceTitle "EXT 2015"]
[Source "ChessBase"]
[SourceDate "2014.11.20"]
[SourceVersion "1"]
[SourceVersionDate "2014.11.20"]
[SourceQuality "1"]

1. Nf3 d5 2. g3 Nc6 3. Bg2 e5 4. d3 f6 5. 0-0 Be6 6. Nbd2 Qd7 7. e4 Nge7 8. Re1 d4 9. h4 Bg4 10. Nf1 0-0-0 11. N1h2 Be6 12. c3 dxc3 13. bxc3 Qxd3 14. Bd2 Qa6 15. Qc2 h5 16. Reb1 Bc4 17. Bf1 g6 18. Bxc4 Qxc4 19. Qb2 Na5 20. Qb4 Nec6 21. Qxc4 Nxc4 22. Be1 Bc5 23. Rd1 Rxd1 24. Rxd1 Rd8 25. Rxd8+ Kxd8 26. Nd2 Nxd2 27. Bxd2 Na5 28. Nf3 Nc4 29. Be1 Kd7 30. Kf1 b5 31. Ke2 Bf8 32. Nd2 Nd6 33. Kd3 c5 34. c4 a6 35. cxb5 axb5 36. f3 Bh6 37. Nb1 f5 38. exf5 gxf5 39. Nc3 Kc6 40. Bf2 c4+ 41. Kc2 e4 42. fxe4 fxe4 43. Bd4 Nf5 44. Bf2 e3 45. Be1 Bg7 46. Ne2 Be5 47. Nf4 Bxf4 48. gxf4 Kd5 49. Kc3 Kc5 50. Kc2 b4 51. Kb2 Nd4 52. Bg3 c3+ 53. Kb1 Kc4 54. Be1 Kd3 55. Kc1 Ke2 0-1

[Event "Petroupoli op"]
[Site "Petroupoli"]
[Date "2013.10.09"]
[Round "3"]
[White "Ignatiadis, Konstantinos"]
[Black "Makka, Ioulia"]
[Result "0-1"]
[WhiteElo "2105"]
[BlackElo "2155"]
[PlyCount "153"]
[EventDate "2013.09.25"]
[EventType "swiss"]
[EventRounds "7"]
[EventCountry "GRE"]
[SourceTitle "EXT 2014"]
[Source "ChessBase"]
[SourceDate "2013.11.20"]
[SourceVersion "1"]
[SourceVersionDate "2013.11.20"]
[SourceQuality "1"]

1. d4 Nf6 2. Bg5 e6 3. e3 h6 4. Bh4 c5 5. c3 b6 6. Nd2 Bb7 7. Ngf3 Be7 8. Bd3 cxd4 9. cxd4 d6 10. 0-0 Nbd7 11. Bg3 Nh5 12. Qa4 Nxg3 13. hxg3 a6 14. Rfc1 0-0 15. Rc3 b5 16. Qd1 Nb6 17. Rc2 Re8 18. Rac1 Rb8 19. e4 e5 20. d5 f5 21. Nf1 Bg5 22. Nxg5 Qxg5 23. Ne3 g6 24. exf5 e4 25. Be2 gxf5 26. Rc7 Re5 27. Bh5 Nc4 28. Bf7+ Kh8 29. R1xc4 bxc4 30. Qd4 Qd8 31. Rxc4 Bc8 32. Qc3 Bd7 33. b3 Qf6 34. Bh5 Rf8 35. f4 exf3 36. Bxf3 Kh7 37. Rc7 Re7 38. Qxf6 Rxf6 39. Nc4 Rg7 40. a4 Rfg6 41. Kf2 Rf6 42. Ke3 Kg6 43. Kf4 Rgf7 44. Be2 Be8 45. Rc8 Re7 46. Bd3 h5 47. Rd8 Bd7 48. Ra8 Re1 49. Rxa6 Rd1 50. Ke3 Kg5 51. Ra7 Be8 52. Rg7+ Kh6 53. Re7 Bg6 54. Ke2 Rg1 55. Ne3 Rh1 56. Kd2 Rh2 57. Kc3 Rf8 58. Re6 Rc8+ 59. Bc4 Rd8 60. Nxf5+ Kg5 61. Nxd6 Rxg2 62. a5 Rxg3+ 63. Kd4 h4 64. Re5+ Kf4 65. Re6 h3 66. Ne4 Bxe4 67. Rxe4+ Kg5 68. Re5+ Kh4 69. Re7 Rg4+ 70. Ke5 h2 71. Rh7+ Kg3 72. d6 Rg5+ 73. Kf6 Rxa5 74. Be6 Rxd6 75. Ke7 Ra7+ 76. Kxd6 Rxh7 77. Bd5 0-1